000 00778nam a2200253Ia 4500
003 OSt
005 20220930093918.0
006 a|||||r|||| 00| 0
007 ta
008 220926b |||||||| |||| 00| 0 urd d
024 _a63059
037 _cTheses
040 _aCRL
_cCRL
_burd
041 _2urd
_aurd
100 _aParveen Nikhat Au.
_9553718
110 _aUniversity of Delhi. Faculty of Arts. Department of Urdu
245 0 _aHam asr urdu afsane par tanisiyat ke asrat
_b numainda urdu afsana nigaron ke hawale se
260 _c2018
300 _a228p.
_ap.
_ccm.
700 _a Ara Arjumand Gu.
700 _aUniversity of Delhi. Faculty of Arts. Department of Urdu
942 _cDIS
_2CC
999 _c886209
_d886209